Vote / (Record no. 5092)

MARC details
000 -LEADER
fixed length control field 00895nam a22003017a 4500
001 - CONTROL NUMBER
control field 5092
003 - CONTROL NUMBER IDENTIFIER
control field FISKH
005 - DATE AND TIME OF LATEST TRANSACTION
control field 20241106082729.0
008 - FIXED-LENGTH DATA ELEMENTS--GENERAL INFORMATION
fixed length control field 241106b cb ||||| |||| 00| 0 eng d
020 ## - INTERNATIONAL STANDARD BOOK NUMBER
International Standard Book Number 9780756642495
040 ## - CATALOGING SOURCE
Original cataloging agency FISKH
Language of cataloging eng
Transcribing agency FISKH
Modifying agency FISKH
050 ## - LIBRARY OF CONGRESS CALL NUMBER
Classification number JF1051.S76
082 ## - DEWEY DECIMAL CLASSIFICATION NUMBER
Classification number 324.6
100 ## - MAIN ENTRY--PERSONAL NAME
Personal name Steele, Philp
245 ## - TITLE STATEMENT
Title Vote /
Statement of responsibility, etc. by Philip Steele
250 ## - EDITION STATEMENT
Edition statement This paperback edition published in 2008
260 ## - PUBLICATION, DISTRIBUTION, ETC.
Place of publication, distribution, etc. London :
Name of publisher, distributor, etc. DK Publishing ;
Date of publication, distribution, etc. 2008.
300 ## - PHYSICAL DESCRIPTION
Extent 72 pages :
Other physical details color illustrations , with CD ;
Dimensions 29 cm .
490 ## - SERIES STATEMENT
Series statement Eyewitness Books
505 ## - FORMATTED CONTENTS NOTE
Formatted contents note Z <br/>
520 ## - SUMMARY, ETC.
Summary, etc. Presents the history of the election process from Roman times to the present day.
521 8# - TARGET AUDIENCE NOTE
Target audience note 1110 <br/>
Source Lexile <br/>
521 8# - TARGET AUDIENCE NOTE
Target audience note Z <br/>
Source Raz-Plus <br/>
650 ## - SUBJECT ADDED ENTRY--TOPICAL TERM
Topical term or geographic name entry element government
Form subdivision non-fiction
700 ## - ADDED ENTRY--PERSONAL NAME
Personal name Miller, David
Relator term consultant
942 ## - ADDED ENTRY ELEMENTS (KOHA)
Source of classification or shelving scheme Dewey Decimal Classification
Koha item type Books
Suppress in OPAC No
Holdings
Withdrawn status Lost status Source of classification or shelving scheme Damaged status Not for loan Collection Home library Current library Shelving location Date acquired Total Checkouts Full call number Barcode Date last seen Price effective from Koha item type
    Dewey Decimal Classification     Non-Fiction Footprints International School Library Network Toul Kork Campus Footprints International School Library Network Toul Kork Campus TTP Secondary Non-Fiction Bookshelves 11/06/2024   STE 324.6 JF1051.S76 FISSE00652 11/06/2024 11/06/2024 Books